Statistics for Science by Letter - A

Click here to take the quiz!

General Stats

  • This quiz has been taken 2,557 times
  • The average score is 11 of 20

Answer Stats

HintAnswer% Correct
One who explores spaceAstronaut
89%
Rocky objects flying through spaceAsteroid
88%
Force = Mass x ______Acceleration
86%
The study of celestial objects and the universeAstronomy
85%
The smallest constituent unit of ordinary matterAtom
83%
"Northern Lights"Aurora Borealis
80%
-273.15ºCAbsolute Zero
78%
A layer of gases surrounding a planet or a celestial bodyAtmosphere
76%
Nearest galaxy to the Milky WayAndromeda
75%
Argon
71%
Aluminum
54%
Arsenic
50%
A blind-ended tube connected to the large intestineAppendix
47%
Region of billions of ^^^Asteroid Belt
39%
Americium
30%
Antimony
28%
Astatine
26%
Elements that start with 'A'Actinium
21%
Used to measure wind speedAnemometer
19%
Group of 15 metallic elementsActinides
12%

Score Distribution

Percentile by Number Answered

Percent of People with Each Score

Your Score History

You have not taken this quiz